Państwa na literę A - Statystyki

Ogólne statystyki
  • Ten quiz został rozwiązany 53 razy
  • Średni wynik to 10 z 12
Statystyki odpowiedzi
Kontynent Państwo % Poprawnych
Europa Austria
96%
Ameryka Południowa Argentyna
94%
Australia i Oceania Australia
94%
Europa Albania
90%
Azja Armenia
86%
Afryka Algieria
84%
Europa Andora
84%
Azja Azerbejdżan
84%
Azja Afganistan
80%
Azja Arabia Saudyjska
76%
Afryka Angola
71%
Ameryka Północna Antigua i Barbuda
57%
Nie znaleziono quizów pasujących do podanych kryteriów
Rozkład punktacji
Procent ludzi z każdym wynikiem
Percentyl według liczby udzielonych odpowiedzi
Twoja historia wyników
Nie rozwiązałeś tego quizu